| 000 | 01871ntaaa2200421 4500 | ||
|---|---|---|---|
| 003 | 01 | ||
| 005 | 20251027203351.0 | ||
| 008 | 0714s1973 ag 01 | ||
| 020 | _a8428507422 | ||
| 040 |
_aAR-BaBN _bspa _cAR-BaBN _eaacr _dRIC |
||
| 100 |
_aMondin, Battista _9117 |
||
| 245 |
_a¿Cómo hablar de Dios hoy? : _bel lenguaje teológico / _cBattista Mondin, traducido por Julián Aguirre Muñoz de Morales |
||
| 250 | _a2a ed. | ||
| 260 |
_aMadrid : _bEds. Paulinas, _cc1979 |
||
| 300 |
_a229 p. ; _c21 cm. |
||
| 490 | _aTeología y pastoral | ||
| 500 | _aTítulo original: Il linguaggio teologico. Come parlare di Dio, oggi? | ||
| 500 | _aDonación de Tomás J. M. Mackey, 2021 | ||
| 500 | _aEd. original en italiano: Edizioni Paoline | ||
| 500 | _aContiene referencias bibliográficas | ||
| 500 | _aIncluye índice | ||
| 505 | _tIntroducción | ||
| 505 | _tI. Las causas de la crisis del lenguaje teológico | ||
| 505 | _tII. El problema lingüístico en filosofía | ||
| 505 | _tIII. El problema kerigmático: algunas traducciones del mensaje cristiano al lenguaje del hombre moderno | ||
| 505 | _tIV. El problema ontológico: naturaleza y propiedades del lenguaje religioso | ||
| 505 | _tV. El problema crítico: criterios de verificación del lenguaje religioso | ||
| 505 | _tVI. Lenguajes formalizados y lenguaje común | ||
| 505 | _tVII. El problema hermenéutico | ||
| 505 | _tVIII. El lenguaje de la oración | ||
| 505 | _tIX. El lenguaje de la infalibilidad | ||
| 505 | _tX. El método de la analogía | ||
| 505 | _tXI. El método trascendental de Bernard Lonergan | ||
| 520 | _aCrisis del lenguaje religioso, análisis sistemático de los problemas de expresión, naturaleza, valor e interpretación | ||
| 650 |
_aFILOSOFIA DEL LENGUAJE _937748 |
||
| 700 |
_aAguirre Muñoz de Morales, Julián _etraductor _937749 |
||
| 942 | _cBK | ||
| 999 |
_c29229 _d29229 |
||